Top 10 Lowest Rated WWE PPVs/PLEs of All Time - Statistics

General Stats
  • This quiz has been taken 25 times
  • The average score is 2 of 10
Answer Stats
Rating PPV/PLE % Correct
3.34 Wrestlemania XI
55%
1.07 Crown Jewel 2018
45%
1.52 ECW December to Dismember 2006
36%
1.49 Super ShowDown 2019
18%
2.34 Battleground 2017
9%
1.31 King of the Ring 1995
9%
2.69 Over the Edge 1999
9%
2.94 The Great American Bash 2004
9%
2.37 Fastlane 2017
5%
2.87 In Your House 4: Great White North
0%
No matching quizzes found
Score Distribution
Percent of People with Each Score
Percentile by Number Answered
Your Score History
You have not taken this quiz